000 00411nam a2200121 4500
999 _c10410
_d10410
008 180829b ||||| |||| 00| 0 eng d
100 _930581
_aPulumbarit, Oliver M.
245 _aHistory docuseries examines pertinence of superheroes and caped crusaders/
_cOliver M. Pulumbarit
260 _aPhilippines
_bPhilippine Daily Inquirer
_cc2017
300 _apage C-2.
650 0 _930582
_aHistory.
942 _2ddc
_cPER